[Event "Lympia Cyprus-ch op"]
[Site "Lympia"]
[Date "2020.01.06"]
[Round "1"]
[White "Lazaris, Stelios"]
[Black "Tsioukas, Valentinos"]
[Result "1-0"]
[WhiteElo "1694"]
[BlackElo "1253"]
[PlyCount "99"]
[EventDate "2020.01.05"]
[EventType "swiss"]
[EventRounds "9"]
[EventCountry "CYP"]
[SourceTitle "CBM 194 Extra"]
[Source "ChessBase"]
[SourceDate "2020.03.31"]
[SourceVersion "1"]
[SourceVersionDate "2020.03.31"]
[SourceQuality "1"]

1. d4 c6 2. c4 d5 3. cxd5 cxd5 4. Nf3 Bf5 5. Nc3 Nf6 6. Bg5 Nbd7 7. e3 e6 8. Be2 Be7 9. 0-0 h6 10. Bh4 0-0 11. h3 Ne4 12. Bxe7 Qxe7 13. Rc1 Qb4 14. Qa4 Qxb2 15. Nxe4 Nb6 16. Qc2 Qxc2 17. Rxc2 Bxe4 18. Rc7 Bxf3 19. Bxf3 Nc4 20. Rxb7 Nd2 21. Rc1 Nxf3+ 22. gxf3 Rfb8 23. Rcc7 Rxb7 24. Rxb7 g5 25. a4 a5 26. Rb5 Kg7 27. e4 dxe4 28. fxe4 Kf6 29. Kg2 Ke7 30. Kf3 Kd6 31. Kg4 Rc8 32. e5+ Ke7 33. Rxa5 Rc4 34. Kh5 Rxd4 35. Kxh6 f6 36. Ra7+ Ke8 37. exf6 Rd7 38. Rxd7 Kxd7 39. f7 Ke7 40. Kg7 e5 41. f8Q+ Ke6 42. Qf6+ Kd5 43. Qxg5 Kd6 44. a5 Kc6 45. Qf6+ Kb5 46. Qxe5+ Ka6 47. Qc5 Kb7 48. Qb5+ Ka7 49. a6 Ka8 50. Qb7# 1-0